Barranca abajo /
Guardado en:
| Autor Principal: | |
|---|---|
| Formato: | Libro |
| Publicado: |
Buenos Aires :
Atlántida,
1978
|
| Etiquetas: |
Agregar Etiqueta
Sin Etiquetas, Sea el primero en etiquetar este registro!
|
| LEADER | 00395nam a22001455a 4500 | ||
|---|---|---|---|
| 001 | CEM.cems006148 | ||
| 005 | 20060214000000.0 | ||
| 008 | 130507s1978##################000#0#####d | ||
| 003 | CEMS | ||
| 082 | 0 | 4 | |a U862.3 |
| 100 | 1 | |a Sánchez, Florencio | |
| 245 | 1 | 0 | |a Barranca abajo / |
| 260 | |a Buenos Aires : |b Atlántida, |c 1978 | ||
| 300 | |a 105 p. | ||
| 859 | |a CEMS |b BIB. CEMS - 11 de abril |h U862.3 |i Sa55-7 |p 14234.86 |t Ej.1 | ||
